GETS Theological Seminary Library

Knowing God: (Record no. 876)

MARC details
000 -LEADER
fixed length control field 00441nam a2200169Ia 4500
008 - FIXED-LENGTH DATA ELEMENTS--GENERAL INFORMATION
fixed length control field 200731s9999 xx 000 0 und d
020 ## - INTERNATIONAL STANDARD BOOK NUMBER
International Standard Book Number 9780877844136
020 ## - INTERNATIONAL STANDARD BOOK NUMBER
International Standard Book Number 0877844135
041 ## - LANGUAGE CODE
Language code of text/sound track or separate title eng
050 ## - LIBRARY OF CONGRESS CALL NUMBER
Classification number BT102
Item number .P265 1975
100 ## - MAIN ENTRY--PERSONAL NAME
Personal name Packer, J. I.
245 ## - TITLE STATEMENT
Title Knowing God:
Remainder of title study guide /
Statement of responsibility, etc. J. I. Packer
260 ## - PUBLICATION, DISTRIBUTION, ETC.
Place of publication, distribution, etc. Downers Grove, IL :
Name of publisher, distributor, etc. InterVarsity Press,
Date of publication, distribution, etc. 1975
300 ## - PHYSICAL DESCRIPTION
Extent 47 p.
Other physical details ;
Dimensions 21 cm.
650 ## - SUBJECT ADDED ENTRY--TOPICAL TERM
Topical term or geographic name entry element God.
Holdings
Withdrawn status Lost status Damaged status Not for loan Home library Current library Shelving location Date acquired Total Checkouts Full call number Barcode Date last seen Price effective from Koha item type
        GETS Theological Seminary Library GETS Theological Seminary Library General Stacks 07/12/2020   BT102 .P265 1975  00000830 07/12/2020 07/12/2020 English Books
OpacCredits

Contact the Librarian, GETS Library
Email: library@mygets.org









Implemented by GETS Library
(Powered by ETCA Professional Group)
GETS Theological Seminary
412 E. Rowland Street, CA 91723